00662 2200229 4500001002100000005001500021035002000036007000300056008004100059020002200100082001000122084001600132100002900148245005500177250002000232260006800252300003200320650002000352650002600372856001800398990001600416INLIS00000000000034020250710093852 a0010-0725000340ta250710 a 0 ind  a978-623-307-234-2 a741.5 a741.5 BAT o0 aBatubara, Didiek Hardadi1 aOddang dan Kapal Pinisi /cDidiek Hardadi Batubara aCetakan Pertama aJakarta Timur :bBadan Pengembangan dan Pembinaan Bahasa,c20w4 a24 hlm. :bilus. ;c29,7 cm 4aKomik-Indonesia 4aLiterasi-Bahan Bacaan aTBM As Suhada aTBM02290229